| 000 | 00585na a2200217 4500 | ||
|---|---|---|---|
| 001 | 18743 | ||
| 003 | MIRAKIL | ||
| 005 | 20181213155044.0 | ||
| 008 | 161125b tu 000 0 | ||
| 035 | _a18743 | ||
| 040 |
_aMilas _btur _cTR-AnCHP |
||
| 041 | _atur | ||
| 082 |
_a331.12 _bB34 2006 |
||
| 090 | _a331.12 B34 2006 | ||
| 245 | _aBelediyelerde istihdam ilişkileri anketi | ||
| 260 |
_aAnkara _bDİSK / Genel-İş Sendikası _c2006 |
||
| 300 |
_av,47 s. _bgrf.,tbl.,şkl.; _c17 sm. |
||
| 650 | _aİşgücü pazarı | ||
| 650 |
_aBelediyeler _xistihdam |
||
| 942 |
_2ddc _cBKS |
||
| 999 |
_c5678 _d5678 |
||